Представление документа в формате RUSMARC

ПолеНазваниеЗначение
  Тип записи a
  Библиографический уровень m
001 Контрольный номер 2dadc3259d4e4981bac56a9874846523
005 Дата корректировки 20260617104218.9
010 Индекс ISBN __
a ISBN 978-5-9614-5970-8
b Уточнения в пер.
100 Данные общей обработки __
a Данные общей обработки 20260617d2025 m y0rusy028902 ca
101 Язык документа 0_
a Язык текста rus
102 Страна публикации __
a Страна публикации RU
105 Кодированные данные (монография) __
a Кодированные данные (монография) c z 000yy
181 Поле кодированных данных: вид содержания _0
a Код вида содержания (ISBD) i
182 Поле кодированных данных: тип средства _0
a Код типа средства (ISBD) n
200 Заглавие и сведения об ответственности 1_
a Заглавие Новый баланс сил. Россия в поисках внешнеполитического равновесия
f Первые сведения об ответственности Дмитрий Тренин
203 Вид содержания и тип средства __
a Вид содержания Текст
c Тип средства непосредственный
210 Выходные данные 1_
a Место издания Москва
c Издательство Альпина Паблишер
d Дата издания 2025
215 Физическое описание __
a Объем 469, [1] с.
d Формат 22 см
c Иллюстрации/тип воспроизводства портр.
225 Серия 1_
a Серия "Россия в глобальной политике" рекомендует
300 Общие примечания __
a Общие примечания В книге упоминаются соцсети Meta Platforms Inc - Facebook и Instagram, деятельность которых запрещена на территории РФ
320 Библиография __
a Библиография Библиография в примечаниях в конце книги
330 Аннотация __
a Аннотация После 2014 года Россия стала заметно активнее во внешней политике, но четкой стратегии пока не видно. Во времена СССР мы с США соревновались за влияние во всем мире, а после 1991 года какое-то время пытались встроиться в Запад. Нужно ли нам опять становиться сверхдержавой? Как сбалансировать внутренние возможности и активность за пределами страны? Как выстраивать отношения с ближайшими соседями, включая Китай? Есть ли у нас точки соприкосновения с США и Западной Европой? Новая книга российского международника Дмитрия Тренина – приглашение к широкой дискуссии по важнейшим вопросам внешней политики России. Автор рассматривает основы, на которых строятся отношения России с другими государствами, – такие, как суверенитет, национальный интерес, международное право, баланс сил. Дает обзор внешней политики Москвы под руководством Михаила Горбачева, Бориса Ельцина и Владимира Путина.
333 Примечание о целевом назначении __
a Примечание о целевом назначении 12+. Для детей старше 12 лет
517 Другие варианты заглавия 1_
a Другие варианты заглавия Россия в поисках внешнеполитического равновесия
600 Персоналии _1
2 Код системы nlr_sh
a Персоналии (Фамилия) Горбачев
b Персоналии (Имя) М. С.
g Полное имя Михаил Сергеевич
f Даты 1931-2022
600 Персоналии _1
2 Код системы nlr_sh
a Персоналии (Фамилия) Ельцин
b Персоналии (Имя) Б. Н.
g Полное имя Борис Николаевич
f Даты 1931-2007
600 Персоналии _1
2 Код системы nlr_sh
a Персоналии (Фамилия) Путин
b Персоналии (Имя) В. В.
g Полное имя Владимир Владимирович
f Даты 1952-
606 Тематические рубрики __
2 Код системы nlr_sh
a Основная рубрика Политика. Политология
606 Тематические рубрики __
2 Код системы nlr_sh
a Основная рубрика Международные отношения и внешняя политика Российской Федерации
z Хронологическая подрубрика 20-21 вв.
610 Ключевые слова 0_
a Ключевые слова внешняя политика
610 Ключевые слова 0_
a Ключевые слова внешняя политика России
610 Ключевые слова 0_
a Ключевые слова внешнеполитические отношения
610 Ключевые слова 0_
a Ключевые слова международные отношения
610 Ключевые слова 0_
a Ключевые слова суверенитет
610 Ключевые слова 0_
a Ключевые слова национальный интерес
610 Ключевые слова 0_
a Ключевые слова международное право
610 Ключевые слова 0_
a Ключевые слова политология
610 Ключевые слова 0_
a Ключевые слова национальная политика
610 Ключевые слова 0_
a Ключевые слова дипломатические отношения
610 Ключевые слова 0_
a Ключевые слова дипломатия
686 Индексы других классификаций __
a Классификационный индекс 66.4(2Рос)
2 Код системы rubbks
700 Автор _1
a Фамилия Тренин
b Имя Д. В.
f Даты 1955-
g Полное личное имя Дмитрий Витальевич
4 Код отношения 070
801 Источник записи _1
a Страна RU
b Организация Муниципальное бюджетное учреждение культуры "Централизованная библиотечная система" г. Сургут (Центральная городская библиотека им. А. С. Пушкина)
c Дата составления 20260617
g Правила каталогизации PSBO
852 Данные о местонахождении __
i Авторский знак Т 66
j Шифр хранения 66.4(2Рос)
901 Тип документа __
a Ответственный ООФиК/Волкова
t Тип документа m
901 Тип документа __
a Ответственный без партии
903 Характеристики (МАРС) __
a Дата передачи 20260617
c Наименование библиотеки (МАРС) Муниципальное бюджетное учреждение культуры "Централизованная библиотечная система" г. Сургут (Центральная городская библиотека им. А. С. Пушкина)
969 Тип издания __
a Тип издания общественно-политическая литература
a Тип издания Ф 26